Sports Quiz

Random Sports or NFL Quiz

Sports Figures In Other Words Quiz Stats

Quiz Updated Mar 8, 2012

Challenge
Share
Tweet
Embed
Score 0/30 Timer 07:00
2 Plays Today
Clue Answer % Correct
Bert's partnerErnie Banks
76%
Curious monkeyGeorge Best
73.6%
How you feel after spinningDizzy Dean
65.4%
Mrs. FlintstoneWilma Rudolph
61.3%
Frosted Flakes tigerTony Hawk
59.8%
Tom & _____Jerry Rice
59.1%
_____ of the Dead (Simon Pegg film)Shaun White
56.5%
Paul Bunyan's blue oxBabe Ruth
55.8%
End of a Bugs Bunny catchphraseDoc Rivers
55.2%
Type of pin in one's hairBobby Knight
51.9%
David Copperfield's fieldMagic Johnson
50.5%
Status of a missing soldierMia Hamm
49.2%
Walk in waterWade Phillips
45%
Piece of legislationBill Self
37.6%
Prophet who was born in Mecca Muhammad Ali
34.9%
Clue Answer % Correct
'Lion-hearted' king of EnglandRichard Petty
33.1%
Home of Amazon and StarbucksSeattle Slew
30.8%
Hometown of
Michael Jackson
Gary Player
30.6%
Bygone Deutsche currencyMark Mulder
29.8%
'____ the Knife'Mack Brown
29.4%
Enclosure for rabbitsWarren Moon
29.2%
Beam of sunlightRay Allen
28.1%
Informal term for a
hot dog
Frank Thomas
27.9%
Research moneyGrant Hill
27.2%
'Oye Como Va' bandSantana Moss
23.8%
Parsley, sage, rosemary or thymeHerb Brooks
23.4%
Michelangelo statue in FlorenceDavid Justice
22.3%
Archangel in the BibleMichael Jordan
21.5%
'C' in the NATO Phonetic AlphabetCharlie Ward
15%
Put on, as clothing; or a Mafia bossDon Budge
8.9%

You're not logged in!

Compare scores with friends on all Sporcle quizzes.
Sign Up with Email
OR
Log In

You Might Also Like...

Show Comments

Extras

Top Quizzes Today


Score Distribution

Your Account Isn't Verified!

In order to create a playlist on Sporcle, you need to verify the email address you used during registration. Go to your Sporcle Settings to finish the process.